00693nam a2200193 a 4500008004100000050001600041100001800057245004800075246002500123260004400148300001300192350000900205650001300214650002600227700001800253995008700271999001700358952012400375120416s1965 ||||||||||||||||| || u aJF 2011 Pol aPye, Lucian W10aPolitical culture and political development aed. by Lucian W. Pye aPrinceton, N.J.bUniversity pressc1965 ax, 574p. a0.00 aPOLITICS aPOLITICAL DEVELOPMENT aVerba, Sidney D0.00FCBU-MAIN LIBRARY (Kitwe)H1I0.00M1UAVAILABLEZAnnex Low-Usage Collection  c53886d53886 00102lcc4070a001b001cAnnex Low-Usage Collection d2022-11-30l0oJF 2011 Polp007593r2022-11-30w2022-11-30y002